000 00691nam a2200217 a 4500
999 _c14519
_d14519
003 PK-NaQUE
005 20251104144211.0
008 250210b ||||| |||| 00| 0 eng d
020 _a9339214048 (paperback)
020 _a9789339214043 (paperback)
040 _cQUEST
100 1 _aChandra, P
245 1 0 _aProjects: planning, analysis, Selection, financing, implementation, and review
250 _a8th ed.
260 _a[S.l.] :
_bMcGraw Hill Education (India) Private Limited,
_c2014.
300 _a734 p. ;
650 _aStrategic planning
650 _aProjects Planning Analysis
856 _uhttp://10.10.170.122:8080/browse/book/26096
_yDownload eBook
942 _cBK
_2ddc